以城区卫星图认香港十八区 Hongkong 18 districts by satellite images - Statistics

General Stats
  • This quiz has been taken 17 times
  • The average score is 9 of 18
Answer Stats
Picture Answer % Correct
中西
77%
湾仔
77%
沙田
69%
西贡
62%
九龙城
62%
油尖旺
62%
屯门
62%
葵青
54%
离岛
54%
东区
46%
深水埗
46%
南区
46%
黄大仙
38%
荃湾
38%
元朗
38%
观塘
31%
大埔
31%
北区
31%
No matching quizzes found
Score Distribution
Percent of People with Each Score
Percentile by Number Answered
Your Score History
You have not taken this quiz